• 首页
  • 本馆介绍
  • 公告通知
  • 最新文献
  • 馆藏检索
  • 电子资源
  • 读者导购
  • 参考咨询
  • 我的图书馆
  • 登录
  • 详细信息显示
  • 放入我的书架
  • 预约/预借图书
  • 作者相关作品
  • 分类相关作品
  • 丛书相关作品
  • 出版社相关作品

书目信息

  • 表格格式
  • 工作单格式
  • 卡片格式
题名:
Autodesk Revit土建应用之入门篇
    
 
作者: 王君峰 编著
分册:  
出版信息: 北京   中国水利水电出版社  2013.2
页数: 181页
开本: 26cm
丛书名: 互联立方BIM应用培训系列丛书
单 册:
中图分类: TU201.4
科图分类:
主题词: 土木工程--计算机辅助设计--应用软件 , 土木工程 , 计算机辅助设计 , 应用软件
电子资源:
ISBN: 978-7-5170-0674-9
000 01360nam 2200325 450
001 0400004032
005 20171023112548.0
010    @a978-7-5170-0674-9@dCNY39.00
100    @a20130614e20172013em y0chiy50 ea
101 0  @achi
102    @aCN@b110000
105    @ay z 000yy
106    @ar
200 1  @aAutodesk Revit土建应用之入门篇@9Autodesk Revit tu jian ying yong zhi ru men pian@f王君峰[等]编著
210    @a北京@c中国水利水电出版社@d2013.2@h2017.3
215    @a181页@d26cm@e1光盘
225 1  @a互联立方BIM应用培训系列丛书
304    @a编著者还有:娄琮味,张海平,陈晓,姜曦,刘影
307    @a附光盘:ISBN 978-7-89501-190-8
330    @a本书以教学楼项目为基础,以实例操作的方式,介绍如何利用BIM工具软件Revit创建教学楼项目的建筑、结构专业模型的全部流程,并利用创建模型进行多种形式的渲染和表达。在此过程中,介绍了如何将Revit创建的建筑信息模型与流行的Autodesk 3ds max等流行媒体动画制作工具进行数据交换,进一步增强三维表现能力。在讲解过程中,详细介绍了每一步操作的目的和相关的操作技巧。
461  0 @12001 @a互联立方BIM应用培训系列丛书
606 0  @a土木工程@x计算机辅助设计@x应用软件
606 0  @a土木工程
606 0  @a计算机辅助设计
606 0  @a应用软件
610 0  @aRevit
690    @aTU201.4@v5
701  0 @a王君峰@9wang jun feng@c(计算机软件)@4编著
801  0 @aCN@b91MARC@c20171023
905    @b1027761-5@dTU201.4@f5@e1084
    
    Autodesk Revit土建应用之入门篇/王君峰[等]编著.-北京:中国水利水电出版社,2013.2(2017.3)
    181页;26cm+1光盘.-(互联立方BIM应用培训系列丛书)
    
    
    ISBN 978-7-5170-0674-9:CNY39.00
    本书以教学楼项目为基础,以实例操作的方式,介绍如何利用BIM工具软件Revit创建教学楼项目的建筑、结构专业模型的全部流程,并利用创建模型进行多种形式的渲染和表达。在此过程中,介绍了如何将Revit创建的建筑信息模型与流行的Autodesk 3ds max等流行媒体动画制作工具进行数据交换,进一步增强三维表现能力。在讲解过程中,详细介绍了每一步操作的目的和相关的操作技巧。
●
相关链接 在E读中查询图书 在五车中查询图书 在当当中查询图书 在豆瓣中查询图书


正题名:Autodesk Revit土建应用之入门篇     索取号:TU201.4/1084         预约/预借

序号 登录号 条形码 馆藏地/架位号 状态 备注
1 1027761   210277617   第二样本阅览室/ [索取号:TU201.4/1084] 在馆    
2 1027762   210277626   密集书库-生命科学系/ [索取号:TU201.4/1084] 在馆    
3 1027763   210277635   第三借阅区/ [索取号:TU201.4/1084] 在馆    
4 1027764   210277644   第三借阅区/ [索取号:TU201.4/1084] 在馆    
5 1027765   210277653   第三借阅区/ [索取号:TU201.4/1084] 在馆    
唐山师范学院图书馆 欢迎您!
大连网信软件有限公司© 版权所有